Happy Days - Statistiques

Statistiques générales
  • Ce quiz a été pris 5 fois
  • Le résultat moyen est 11 sur 15
Statistiques - réponses
Question Réponse % Correct
Quel acteur incarnait le rôle de Fonzie ? Henry WINKLER
100%
Comment s'appelle la mère de Richie et Joanie qui incarne la figure maternelle traditionnelle. Marion
100%
Quel personnage était interprété par l'acteur Anson WILLIAMS ? Warren Weber, dit Potsie
100%
Comment s'appelle le bar dans lequel les personnages passent pas mal de temps ? Arnold's
80%
Comment est surnommé le cousin de Fonzie, amoureux de Joanie, la soeur de Richie ? Chachi
80%
Comment se prénomme le grand frère de Richie qui n'existe que durant la saison 1 avant de disparaître subitement sans explications Chuck
80%
Comment se nomme le collège où étudient Richie et ses amis ? Jefferson High School
80%
Dans quelle ville se déroule la série ? Milwaukee
80%
Quelle est la profession d'Howard Cunningham ? Quincailler
80%
En quelle année la série a-t-elle été diffusée pour la première fois aux États-Unis ? 1974
60%
Combien d'épisodes ont été tournés au total ? 255
60%
Quel est le nom complet de Fonzie ? Arthur Herbert Fonzarelli
60%
Quel grand acteur fait une apparition sous les traits d'un extraterrestre ("Mork") dans la saison 5 ? Robin Williams
60%
Qu'est ce qui est écrit sur le mur de l'escalier des Cunningham qui monte vers l'appartement de Fonzie ? Sit on it
60%
Sur quelle chaîne eut lieu la première diffusion à la télévision française ? TF1
60%
Aucun quiz correspondant
Distribution des résultats
% des personnes avec chaque résultat
Percentile par nombre de réponses
Votre historique - résultats
Vous n’avez pas pris ce quiz